00670nam a2200205Ia 450000100060000000800390000602000220004508200110006710000220007824500640010025000170016426000300018130000180021165300130022965300210024265300200026394200120028395201520029599900170044765851130101n ii |||gr||||Z||||||asm a978-81-7665-484-5 a891.41 aBorgohain, Homen. 0aKushilab TimirtirthacBy Homen BorgohainhTextual Documents a4th rev edn. aGuwahatibStudents Stores a184pg:c23cm. aAssamese aG-H B Collection aPolitical Novel 2ddccBK 001040708General aSKBLbSKBLcG-H B Collectiond2013-01-01f00000g180.00l0o891.41 Bo 644 Kup140/hbcr2024-01-14 00:00:00t1w2013-01-01yBK c66944d66944